| 000 | 00680nam a2200265 b 4500 | ||
|---|---|---|---|
| 001 | 0000615 | ||
| 003 | DO-SdBNP | ||
| 005 | 20180130125923.0 | ||
| 007 | 0000615 | ||
| 008 | 050617 2007 mx spa | ||
| 017 |
_a _b |
||
| 020 | _a9789705800313 | ||
| 035 | _a | ||
| 040 |
_aBPMSU _bspa _cBPMSU _e |
||
| 100 | 1 | _aEmoto, Masaru | |
| 245 | 1 | 3 |
_aEl milagro del agua / _h _cMasaru Emoto ; traducción Salvador Alanís |
| 260 |
_aMéxico : _bAlamah, _c2007. |
||
| 300 |
_a163 p. : _c19 cm |
||
| 490 | 1 | _aAutoayuda | |
| 700 | 1 | 2 | _aAlanís, Salvador |
| 830 | 0 | _aAutoayuda | |
| 942 |
_2ddc _cBK |
||
| 945 | _aInventariado, 2018/MFF | ||
| 956 |
_aYLOCKWARD _b10 _dBPMSU _f00144 |
||
| 999 |
_c11193 _d11193 |
||